Convocação do Brasil para a Copa do Mundo 2022 - Statistics

Estatísticas Gerais
  • Esse quiz foi jogado 518 vezes
  • A pontuação média é 23 de 26
Estatísticas das Respostas
Posição Time Resposta % Correto
Goleiro Liverpool (ENG) Alisson
99%
Zagueiro PSG (FRA) Marquinhos
97%
Goleiro Manchester City (ENG) Ederson
96%
Atacante PSG (FRA) Neymar
96%
Goleiro Palmeiras (BRA) Weverton
96%
Zagueiro Real Madrid (ESP) Éder Militão
94%
Volante Manchester United (ENG) Casemiro
93%
Atacante Flamengo (BRA) Pedro
93%
Lateral direito Pumas (MEX) Daniel Alves
92%
Lateral direito Juventus (ITA) Danilo
92%
Atacante Tottenham (ENG) Richarlison
92%
Atacante Real Madrid (ESP) Vinicius Junior
92%
Meia West-Ham United (ENG) Lucas Paquetá
91%
Atacante Real Madrid (ESP) Rodrygo
91%
Atacante Barcelona (ESP) Raphinha
90%
Atacante Arsenal (ENG) Gabriel Jesus
89%
Atacante Arsenal (ENG) Gabriel Martinelli
89%
Lateral esquerdo Juventus (ITA) Alex Sandro
88%
Volante Newcastle (ENG) Bruno Guimarães
88%
Atacante Manchester United (ENG) Antony
85%
Zagueiro Juventus (ITA) Bremer
85%
Zagueiro Chelsea (ENG) Tiago Silva
85%
Volante Liverpool (ENG) Fabinho
83%
Volante Manchester United (ENG) Fred
83%
Meia Flamengo (BRA) Éverton Ribeiro
81%
Lateral esquerdo Sevilla (ESP) Alex Telles
74%
Nenhum quiz correspondente encontrado
Distribuição das Pontuações
Porcentagem de Pessoas com Cada Pontuação
Percentil de Números Respondidos
Sua Pontuação Histórica
Você não jogou esse quiz